00385 2200145 4500001002100000005001500021035002000036245006200056100003400118300001200152260002900164082000800193084001400201990002400215INLIS00000000000216120250527114948 a0010-05250004531 aMelatih Bola Voli Remaja /cRecommenden by USA VolleyBall0 aRecommenden by USA VolleyBall a192 hlm bCitra Aji Pratama,c2007 a700 a700 REC m a0713145 s/d 0713164